000 01047cam a2200289 a 4500
001 16336
003 BD-RjUL
005 20211209000010.0
008 140213t19951990njua b 001 0 eng
020 _a0691043337 (pbk. : alk. paper)
035 _a(BD-RjUL)16391
040 _aDLC
_cDLC
_dDLC
_dBD-RjUL
_beng
041 _aeng
082 0 0 _a792.0952
_220
_bORJ 1995
100 1 _aOrtolani, Benito.
_950504
245 1 4 _aThe Japanese theatre :
_bfrom shamanistic ritual to contemporary pluralism /
_cBenito Ortolani.
250 _aRev. ed.
260 _aPrinceton, N.J. :
_bPrinceton University Press,
_cc1990 [Reprinted 1995].
300 _axv, 375 p. :
_bill. ;
_c24 cm.
504 _aIncludes bibliographical references and index.
650 0 _aTheater
_zJapan
_xHistory.
_950505
856 4 1 _3Table of contents
_uhttp://www.loc.gov/catdir/toc/prin031/94023504.html
856 4 2 _3Publisher description
_uhttp://www.loc.gov/catdir/description/prin021/94023504.html
942 _2ddc
_cBK
999 _c16336
_d16336